000 00802nam a22002417a 4500
999 _c15179
_d15179
003 AR-CdUCM
008 190426b ||||| |||| 00| 0 spa d
020 _a978-84-9101-226-9
040 _aMUNICIPALIDAD PROVINCIAL DEL CUSCO
_cBIBLIOTECA MUNICIPAL DEL CUSCO
082 _aPI / 376.1 /
_bP78
100 _aPorcella, Teresa
_934057
245 _a¡Eh! ¡No tan deprisa! /
260 _aBarcelona :
_bCombel,
_c2017.
300 _bilustraciones,
_c20 cm.
440 _aColección Caballo ¡arre, caballito trote galope!.
_934207
650 _aLiteratura infantil
_9588
650 _aAprendizaje infantil
_933271
650 _aAseo personal
_934208
700 _aLosantos, Cristina (ilustraciones)
_934209
710 _aCombel Editorial.
_933005
942 _2ddc
_cLIBROS
945 _aachl
_d2019-04-26